Architectural Theory vol I : An Anthology from Vitruvius to 1870 /
Na minha lista:
| Formato: | Livro |
|---|---|
| Idioma: | inglês |
| Publicado em: |
Oxford :
Blackwell Publishing,
2006
|
| Assuntos: | |
| Tags: |
Sem tags, seja o primeiro a adicionar uma tag!
|
MARC
| LEADER | 00000nam a22000003a 4500 | ||
|---|---|---|---|
| 001 | stu177042 | ||
| 005 | 20141123064100.8 | ||
| 008 | 081209s2006------------------------eng-d | ||
| 020 | |a 1-4051-0258-6 | ||
| 040 | |a STU |b slo | ||
| 041 | 0 | |a eng | |
| 245 | |a Architectural Theory vol I : |b An Anthology from Vitruvius to 1870 / |c Ed.by H.F.Mallgrave | ||
| 260 | |a Oxford : |b Blackwell Publishing, |c 2006 | ||
| 300 | |a 590 s | ||
| 650 | 7 | |a Architecture-Philosophy |2 estusub | |
| 650 | 7 | |a architektúra-teória |2 stusub | |
| 996 | |b 284AU04163 |c A*6183 |l AA3130 |s P |a 0 |w stu177042_0001 | ||